Phương pháp xác định các chỉ tiêu ô nhiễm không khí & tiếng ồn
Sách trình bày ô nhiễm không khí và tiếng ồn, cách xác định sự ô nhiễm. Phương pháp xác định hàm lượng bụi trong không khí, xác định nồng độ các chất có trong bụi,...
Đã lưu trong:
| Nhiều tác giả của công ty: | , |
|---|---|
| Format: | Bog |
| Sprog: | Undetermined |
| Udgivet: |
Cần Thơ
Trường Đại học Cần Thơ
2005
|
| Fag: | |
| Tags: |
Tilføj Tag
Ingen Tags, Vær først til at tagge denne postø!
|
| Thư viện lưu trữ: | Trung tâm Học liệu Trường Đại học Cần Thơ |
|---|
| LEADER | 01103nam a2200217Ia 4500 | ||
|---|---|---|---|
| 001 | CTU_143679 | ||
| 008 | 210402s9999 xx 000 0 und d | ||
| 082 | |a 363.739 | ||
| 082 | |b Kh401 | ||
| 110 | |a Khoa Công nghệ | ||
| 110 | |b Bộ môn Kỹ thuật môi trường và Tài nguyên thiên nhiên | ||
| 245 | 0 | |a Phương pháp xác định các chỉ tiêu ô nhiễm không khí & tiếng ồn | |
| 245 | 0 | |c Khoa Công nghệ. Bộ môn Kỹ thuật môi trường và Tài nguyên thiên nhiên | |
| 260 | |a Cần Thơ | ||
| 260 | |b Trường Đại học Cần Thơ | ||
| 260 | |c 2005 | ||
| 520 | |a Sách trình bày ô nhiễm không khí và tiếng ồn, cách xác định sự ô nhiễm. Phương pháp xác định hàm lượng bụi trong không khí, xác định nồng độ các chất có trong bụi,... | ||
| 650 | |a Air,Noise,Không khí | ||
| 650 | |x Pollution,Pollution,Sự ô nhiễm | ||
| 904 | |i Năm | ||
| 980 | |a Trung tâm Học liệu Trường Đại học Cần Thơ | ||